[Event "V4 OPEN - International Championship of Slovakia 2
[Site "Banska Stiavnica"]
[Date "2013.07.08"]
[Round "3"]
[Board "14"]
[White "Pacher, Milan"]
[Black "Haring, Filip"]
[Result "1-0"]
[WhiteElo "2455"]
[BlackElo "1742"]
[PlyCount "0"]
[EventDate "2013.07.06"]
[EventRounds "9"]
[EventCountry "SVK"]

1. d4 {[%clk 1:30:57]} d5 {[%clk 1:30:49]} 2. c4 {[%clk 1:31:22]} c6
{[%clk 1:31:13]} 3. Nf3 {[%clk 1:31:47]} Nf6 {[%clk 1:31:29]} 4. Nc3
{[%clk 1:32:11]} e6 {[%clk 1:31:22]} 5. Bg5 {[%clk 1:32:33]} Nbd7
{[%clk 1:31:16]} 6. e3 {[%clk 1:32:58]} Qa5 {[%clk 1:31:15]} 7. cxd5
{[%clk 1:33:19]} exd5 {[%clk 1:31:35]} 8. Bd3 {[%clk 1:31:17]} Ne4
{[%clk 1:29:18]} 9. O-O {[%clk 1:29:40]} Nxg5 {[%clk 1:27:37]} 10. Nxg5
{[%clk 1:30:06]} Be7 {[%clk 1:25:13]} 11. f4 {[%clk 1:26:33]} Nf6
{[%clk 1:21:13]} 12. Rc1 {[%clk 1:24:15]} h6 {[%clk 1:17:25]} 13. Nf3
{[%clk 1:24:28]} Bd7 {[%clk 1:12:22]} 14. Ne5 {[%clk 1:24:00]} Bd6
{[%clk 1:07:38]} 15. g4 {[%clk 1:19:08]} Qd8 {[%clk 0:45:20]} 16. Rc2
{[%clk 1:17:19]} Qe7 {[%clk 0:40:22]} 17. Rg2 {[%clk 1:17:08]} O-O-O
{[%clk 0:36:56]} 18. h4 {[%clk 1:13:25]} h5 {[%clk 0:34:37]} 19. g5
{[%clk 1:13:15]} Ng4 {[%clk 0:32:19]} 20. Qc1 {[%clk 1:12:38]} Kb8
{[%clk 0:29:43]} 21. e4 {[%clk 1:10:57]} dxe4 {[%clk 0:25:12]} 22. Nxe4
{[%clk 1:07:11]} Bc7 {[%clk 0:23:05]} 23. Nc5 {[%clk 1:05:57]} Nxe5
{[%clk 0:22:58]} 24. fxe5 {[%clk 1:04:35]} Bh3 {[%clk 0:21:50]} 25. Qf4
{[%clk 1:03:30]} Bxg2 {[%clk 0:20:14]} 26. Kxg2 {[%clk 1:03:59]} Rhf8
{[%clk 0:17:54]} 27. Be2 {[%clk 1:02:56]} f6 {[%clk 0:17:04]} 28. Bxh5
{[%clk 1:03:00]} fxe5 {[%clk 0:17:00]} 29. Qxf8 {[%clk 1:03:15]} Rxf8
{[%clk 0:15:55]} 30. Rxf8+ {[%clk 1:03:37]} Bd8 {[%clk 0:16:16]} 31. Re8
{[%clk 1:03:58]} Qd6 {[%clk 0:11:32]} 32. Ne6 {[%clk 1:04:22]} Qd5+
{[%clk 0:10:32]} 33. Bf3 1-0

[Event "V4 OPEN - International Championship of Slovakia 2
[Site "Banska Stiavnica"]
[Date "2013.07.08"]
[Round "3"]
[Board "15"]
[White "Novotny, Michal"]
[Black "Leniart, Arkadiusz"]
[Result "0-1"]
[WhiteElo "1984"]
[BlackElo "2473"]
[PlyCount "0"]
[EventDate "2013.07.06"]
[EventRounds "9"]
[EventCountry "SVK"]

1. e4 {[%clk 1:30:54]} e5 {[%clk 1:30:52]} 2. Nf3 {[%clk 1:31:11]} Nc6
{[%clk 1:31:17]} 3. Bc4 {[%clk 1:31:23]} Nf6 {[%clk 1:31:41]} 4. d3
{[%clk 1:28:14]} Bc5 {[%clk 1:31:55]} 5. Bg5 {[%clk 1:27:59]} h6 {[%clk 1:30:51]}
6. Bh4 {[%clk 1:28:18]} d6 {[%clk 1:27:54]} 7. Nc3 {[%clk 1:28:39]} g5
{[%clk 1:23:42]} 8. Bg3 {[%clk 1:29:04]} a6 {[%clk 1:15:21]} 9. Qd2
{[%clk 1:22:27]} Bg4 {[%clk 1:10:47]} 10. Ne2 {[%clk 1:11:59]} Bxf3
{[%clk 1:02:35]} 11. gxf3 {[%clk 1:12:27]} Nh5 {[%clk 1:02:51]} 12. O-O-O
{[%clk 1:11:18]} Qf6 {[%clk 1:02:40]} 13. c3 {[%clk 1:09:00]} Qxf3
{[%clk 0:59:36]} 14. d4 {[%clk 1:09:03]} exd4 {[%clk 0:59:11]} 15. Nxd4
{[%clk 1:09:08]} Bxd4 {[%clk 0:58:33]} 16. cxd4 {[%clk 1:09:12]} Nxg3
{[%clk 0:58:06]} 17. hxg3 {[%clk 1:09:35]} O-O-O {[%clk 0:57:59]} 18. Rhe1
{[%clk 1:08:54]} Qf6 {[%clk 0:55:44]} 19. f4 {[%clk 1:04:28]} gxf4
{[%clk 0:46:51]} 20. gxf4 {[%clk 1:04:07]} h5 {[%clk 0:47:16]} 21. e5
{[%clk 0:59:44]} dxe5 {[%clk 0:45:25]} 22. fxe5 {[%clk 0:57:15]} Qh4
{[%clk 0:45:32]} 23. Bxf7 {[%clk 0:55:50]} Rxd4 {[%clk 0:34:23]} 24. Qe3
{[%clk 0:55:33]} Rhd8 {[%clk 0:24:13]} 25. Rxd4 {[%clk 0:50:47]} Nxd4
{[%clk 0:20:14]} 26. e6 {[%clk 0:47:25]} Qe7 {[%clk 0:20:38]} 27. Qe5
{[%clk 0:44:25]} Nf3 {[%clk 0:20:44]} 0-1

[Event "V4 OPEN - International Championship of Slovakia 2
[Site "Banska Stiavnica"]
[Date "2013.07.08"]
[Round "3"]
[Board "16"]
[White "Aczel, Gergely"]
[Black "Hros, Roman"]
[Result "1/2-1/2"]
[WhiteElo "2451"]
[BlackElo "1982"]
[PlyCount "0"]
[EventDate "2013.07.06"]
[EventRounds "9"]
[EventCountry "SVK"]

1. d4 {[%clk 1:30:58]} Nf6 {[%clk 1:30:54]} 2. c4 {[%clk 1:31:23]} e6
{[%clk 1:31:17]} 3. Nc3 {[%clk 1:31:50]} Bb4 {[%clk 1:31:38]} 4. e3
{[%clk 1:32:15]} b6 {[%clk 1:31:05]} 5. Nge2 {[%clk 1:32:38]} Bb7
{[%clk 1:30:38]} 6. a3 {[%clk 1:33:04]} Bd6 {[%clk 1:30:03]} 7. d5
{[%clk 1:28:27]} Na6 {[%clk 1:28:33]} 8. g3 {[%clk 1:27:34]} Qe7 {[%clk 1:24:58]}
9. Bg2 {[%clk 1:26:22]} h5 {[%clk 1:23:10]} 10. h4 {[%clk 1:23:27]} exd5
{[%clk 1:20:45]} 11. cxd5 {[%clk 1:20:25]} Nc5 {[%clk 1:20:58]} 12. Nd4
{[%clk 0:55:19]} g6 {[%clk 1:15:33]} 13. Ndb5 {[%clk 0:50:38]} Be5
{[%clk 1:06:45]} 14. d6 {[%clk 0:46:47]} Bxd6 {[%clk 1:06:33]} 15. Nxd6+
{[%clk 0:46:13]} Qxd6 {[%clk 1:06:51]} 16. Qxd6 {[%clk 0:46:36]} cxd6
{[%clk 1:07:19]} 17. Bxb7 {[%clk 0:46:57]} Nxb7 {[%clk 1:07:48]} 18. b4
{[%clk 0:46:02]} Ke7 {[%clk 1:01:39]} 19. Ke2 {[%clk 0:43:16]} Rhc8
{[%clk 0:54:56]} 20. Bb2 {[%clk 0:42:36]} Ke6 {[%clk 0:50:48]} 21. Rhc1
{[%clk 0:39:58]} Ne8 {[%clk 0:41:18]} 22. Kd3 {[%clk 0:34:53]} d5
{[%clk 0:35:57]} 23. Ne2 {[%clk 0:32:08]} Nd8 {[%clk 0:29:02]} 24. Nd4+
{[%clk 0:20:50]} Ke7 {[%clk 0:28:47]} 25. Nb5 {[%clk 0:20:23]} a6
{[%clk 0:28:27]} 26. Nc3 {[%clk 0:20:40]} Kd6 {[%clk 0:21:25]} 27. Rd1
{[%clk 0:17:00]} Ne6 {[%clk 0:16:36]} 28. Rd2 {[%clk 0:16:13]} Rc4
{[%clk 0:09:42]} 29. Rad1 {[%clk 0:12:05]} Rac8 {[%clk 0:08:42]} 30. Ke2
{[%clk 0:06:29]} Rxc3 {[%clk 0:08:53]} 31. Rxd5+ {[%clk 0:06:51]} Ke7
{[%clk 0:09:11]} 32. Rxd7+ {[%clk 0:07:18]} Kf8 {[%clk 0:09:32]} 33. Bxc3
{[%clk 0:07:38]} Rxc3 {[%clk 0:10:01]} 34. R1d3 {[%clk 0:07:27]} Rxd3
{[%clk 0:09:03]} 35. Kxd3 {[%clk 0:06:53]} N8c7 {[%clk 0:09:21]} 36. e4
{[%clk 0:05:35]} b5 {[%clk 0:08:07]} 37. e5 {[%clk 0:05:18]} a5 {[%clk 0:08:12]}
38. Rd6 {[%clk 0:04:00]} axb4 {[%clk 0:08:30]} 39. axb4 {[%clk 0:04:28]} Ke7
{[%clk 0:08:45]} 40. Rb6 {[%clk 0:04:38]} Kf8 {[%clk 0:04:22]} 41. Ke4
{[%clk 0:04:59]} Kg7 {[%clk 0:04:34]} 42. Rd6 {[%clk 0:02:11]} Kf8
{[%clk 0:02:59]} 43. f3 {[%clk 0:19:27]} Ke7 {[%clk 0:32:09]} 44. Rb6
{[%clk 0:19:04]} Kd7 {[%clk 0:29:17]} 45. g4 {[%clk 0:18:03]} Ng7
{[%clk 0:29:26]} 46. Rb8 {[%clk 0:14:19]} Ke6 {[%clk 0:24:29]} 47. Rg8
{[%clk 0:08:22]} Nce8 {[%clk 0:23:00]} 48. Kd4 {[%clk 0:04:09]} f6
{[%clk 0:21:03]} 49. exf6 {[%clk 0:04:36]} Kxf6 {[%clk 0:21:26]} 50. Kc5
{[%clk 0:04:39]} Nc7 {[%clk 0:21:08]} 51. Kc6 {[%clk 0:04:23]} Nge6
{[%clk 0:21:22]} 52. Rc8 {[%clk 0:04:02]} Ke5 {[%clk 0:21:00]} 53. gxh5
{[%clk 0:03:47]} gxh5 {[%clk 0:20:44]} 54. Rh8 {[%clk 0:03:28]} Kf4
{[%clk 0:20:59]} 55. Rxh5 {[%clk 0:03:40]} Kxf3 {[%clk 0:21:28]} 56. Rh7
{[%clk 0:03:12]} Na6 {[%clk 0:21:08]} 57. Kxb5 {[%clk 0:03:35]} Nxb4
{[%clk 0:21:37]} 58. Kxb4 {[%clk 0:03:55]} Kg4 {[%clk 0:21:57]} 59. h5
{[%clk 0:03:44]} Kg5 {[%clk 0:21:59]} 60. Kc4 {[%clk 0:02:47]} Nf4
{[%clk 0:19:18]} 61. h6 {[%clk 0:03:03]} Nh5 {[%clk 0:19:13]} 62. Rh8
{[%clk 0:03:15]} Kg6 {[%clk 0:19:29]} 63. Kd5 {[%clk 0:03:23]} Nf6+
{[%clk 0:19:52]} 64. Ke6 {[%clk 0:02:15]} Nh7 {[%clk 0:20:20]} 65. Ke7
{[%clk 0:02:13]} Ng5 {[%clk 0:16:09]} 66. Kf8 {[%clk 0:02:13]} Nh7+
{[%clk 0:16:12]} 67. Ke7 {[%clk 0:02:05]} Ng5 {[%clk 0:16:40]} 68. Rg8+
{[%clk 0:02:23]} Kxh6 {[%clk 0:17:01]} 69. Kf6 {[%clk 0:02:47]} Nh7+
{[%clk 0:17:09]} 70. Kf5 {[%clk 0:03:15]} Kh5 {[%clk 0:17:25]} 71. Rg7
{[%clk 0:02:38]} Kh6 {[%clk 0:17:29]} 72. Ra7 {[%clk 0:02:56]} Ng5
{[%clk 0:16:07]} 73. Ra6+ {[%clk 0:02:40]} Kh5 {[%clk 0:16:34]} 74. Ra8
{[%clk 0:03:04]} Nh7 {[%clk 0:16:28]} 75. Ra7 {[%clk 0:02:53]} Kh6
{[%clk 0:16:33]} 76. Rb7 {[%clk 0:03:01]} Ng5 {[%clk 0:16:52]} 77. Rb1
{[%clk 0:02:47]} Nh7 {[%clk 0:17:04]} 78. Rg1 {[%clk 0:02:15]} Nf8
{[%clk 0:17:26]} 79. Rg2

[Event "V4 OPEN - International Championship of Slovakia 2
[Site "Banska Stiavnica"]
[Date "2013.07.08"]
[Round "3"]
[Board "17"]
[White "Repkova, Eva"]
[Black "Hyll, Jan"]
[Result "1-0"]
[WhiteElo "2374"]
[BlackElo "1899"]
[PlyCount "0"]
[EventDate "2013.07.06"]
[EventRounds "9"]
[EventCountry "SVK"]

1. e4 {[%clk 1:30:57]} d5 {[%clk 1:30:54]} 2. exd5 {[%clk 1:31:22]} Nf6
{[%clk 1:31:17]} 3. Bb5+ {[%clk 1:31:39]} Bd7 {[%clk 1:31:42]} 4. Bc4
{[%clk 1:32:03]} b5 {[%clk 1:32:05]} 5. Be2 {[%clk 1:30:55]} Nxd5
{[%clk 1:30:44]} 6. d4 {[%clk 1:30:47]} e6 {[%clk 1:30:33]} 7. Nf3
{[%clk 1:31:01]} Be7 {[%clk 1:28:32]} 8. O-O {[%clk 1:30:45]} O-O
{[%clk 1:27:20]} 9. Ne5 {[%clk 1:30:45]} a6 {[%clk 1:24:15]} 10. a4
{[%clk 1:29:27]} b4 {[%clk 1:24:34]} 11. Nd2 {[%clk 1:28:40]} Nc6
{[%clk 1:24:44]} 12. Ndf3 {[%clk 1:28:46]} Nxe5 {[%clk 1:21:22]} 13. Nxe5
{[%clk 1:29:10]} a5 {[%clk 1:18:11]} 14. Bd3 {[%clk 1:26:08]} Nf6
{[%clk 1:15:35]} 15. Bg5 {[%clk 1:25:29]} h6 {[%clk 1:14:00]} 16. Bh4
{[%clk 1:24:17]} Nd5 {[%clk 1:13:56]} 17. Bg3 {[%clk 1:24:26]} Nb6
{[%clk 1:13:11]} 18. Qf3 {[%clk 1:15:51]} Nd5 {[%clk 1:05:25]} 19. Rfe1
{[%clk 1:13:53]} Be8 {[%clk 1:03:40]} 20. Ng4 {[%clk 1:11:08]} f5
{[%clk 1:00:46]} 21. Rxe6 {[%clk 1:01:23]} fxg4 {[%clk 0:58:34]} 22. Qe4
{[%clk 1:01:52]} Nf6 {[%clk 0:56:50]} 23. Rxf6 {[%clk 1:01:54]} Rxf6
{[%clk 0:40:42]} 24. Qh7+ {[%clk 1:02:21]} Kf8 {[%clk 0:40:55]} 25. Bc4
{[%clk 1:02:50]} Bd6 26. Re1 {[%clk 1:02:13]} 1-0

[Event "V4 OPEN - International Championship of Slovakia 2
[Site "Banska Stiavnica"]
[Date "2013.07.08"]
[Round "3"]
[Board "18"]
[White "Kumala, Aleksander"]
[Black "Petran, Peter"]
[Result "0-1"]
[WhiteElo "1954"]
[BlackElo "2324"]
[PlyCount "0"]
[EventDate "2013.07.06"]
[EventRounds "9"]
[EventCountry "SVK"]

1. e4 {[%clk 1:30:57]} c6 {[%clk 1:29:00]} 2. Nc3 {[%clk 1:31:12]} d5
{[%clk 1:29:21]} 3. Nf3 {[%clk 1:31:35]} Bg4 {[%clk 1:28:37]} 4. h3
{[%clk 1:31:47]} Bxf3 {[%clk 1:28:59]} 5. Qxf3 {[%clk 1:32:11]} Nf6
{[%clk 1:29:23]} 6. d3 {[%clk 1:32:15]} e6 {[%clk 1:29:22]} 7. Bd2
{[%clk 1:32:27]} Nbd7 {[%clk 1:27:19]} 8. g4 {[%clk 1:32:38]} g6 {[%clk 1:27:24]}
9. Bg2 {[%clk 1:30:43]} Bg7 {[%clk 1:23:34]} 10. Qg3 {[%clk 1:25:42]} dxe4
{[%clk 1:20:24]} 11. dxe4 {[%clk 1:25:18]} e5 {[%clk 1:20:46]} 12. O-O-O
{[%clk 1:23:41]} Qc7 {[%clk 1:12:31]} 13. f4 {[%clk 1:12:46]} O-O-O
{[%clk 1:11:59]} 14. Qf2 {[%clk 1:13:01]} Kb8 {[%clk 1:09:14]} 15. g5
{[%clk 1:11:50]} Nh5 {[%clk 1:08:57]} 16. f5 {[%clk 1:11:53]} Rhe8
{[%clk 1:08:47]} 17. Be3 {[%clk 1:04:31]} b6 {[%clk 1:08:19]} 18. Bf3
{[%clk 1:04:01]} Nf4 {[%clk 1:08:09]} 19. h4 {[%clk 0:51:18]} Bf8
{[%clk 1:05:47]} 20. h5 {[%clk 0:49:13]} Bc5 {[%clk 1:03:14]} 21. Bxc5
{[%clk 0:48:53]} Nxc5 {[%clk 1:03:37]} 22. Rxd8+ {[%clk 0:48:36]} Qxd8
{[%clk 1:03:11]} 23. hxg6 {[%clk 0:45:12]} Nfd3+ {[%clk 1:02:47]} 24. cxd3
{[%clk 0:45:05]} Nxd3+ {[%clk 1:03:13]} 25. Kb1 {[%clk 0:45:05]} Nxf2
{[%clk 1:03:35]} 26. gxf7 {[%clk 0:45:16]} Rf8 {[%clk 1:01:40]} 0-1

[Event "V4 OPEN - International Championship of Slovakia 2
[Site "Banska Stiavnica"]
[Date "2013.07.08"]
[Round "3"]
[Board "19"]
[White "Mosny, Jaroslav"]
[Black "Korpa, Bence"]
[Result "0-1"]
[WhiteElo "1926"]
[BlackElo "2308"]
[PlyCount "0"]
[EventDate "2013.07.06"]
[EventRounds "9"]
[EventCountry "SVK"]

1. d4 {[%clk 1:17:55]} Nf6 {[%clk 1:30:48]} 2. Nf3 {[%clk 1:18:11]} g6
{[%clk 1:31:10]} 3. g3 {[%clk 1:18:25]} Bg7 {[%clk 1:31:25]} 4. Bg2
{[%clk 1:18:40]} O-O {[%clk 1:31:43]} 5. O-O {[%clk 1:18:54]} d5 {[%clk 1:32:01]}
6. c4 {[%clk 0:58:21]} dxc4 {[%clk 1:32:19]} 7. Ne5 {[%clk 0:54:46]} c6
{[%clk 1:27:10]} 8. Nxc4 {[%clk 0:54:23]} Be6 {[%clk 1:27:07]} 9. Ne5
{[%clk 0:50:53]} Nbd7 {[%clk 1:25:45]} 10. Nf3 {[%clk 0:46:04]} c5
{[%clk 1:22:23]} 11. Nc3 {[%clk 0:45:32]} Rc8 {[%clk 1:06:49]} 12. d5
{[%clk 0:29:30]} Bg4 {[%clk 1:06:52]} 13. h3 {[%clk 0:25:23]} Bxf3
{[%clk 1:06:20]} 14. Bxf3 {[%clk 0:25:47]} Ne8 {[%clk 1:03:55]} 15. e4
{[%clk 0:21:00]} Nd6 {[%clk 1:03:18]} 16. Qe2 {[%clk 0:18:10]} e5
{[%clk 0:53:46]} 17. Nb5 {[%clk 0:15:09]} Qb6 {[%clk 0:52:29]} 18. Nxd6
{[%clk 0:15:22]} Qxd6 {[%clk 0:52:54]} 19. Bg5 {[%clk 0:13:04]} f6
{[%clk 0:51:30]} 20. Be3 {[%clk 0:13:24]} f5 {[%clk 0:51:39]} 21. Bd2
{[%clk 0:11:22]} Rf7 {[%clk 0:41:23]} 22. Bg2 {[%clk 0:06:54]} Rcf8
{[%clk 0:35:40]} 23. f3 {[%clk 0:06:57]} f4 {[%clk 0:34:05]} 24. g4
{[%clk 0:06:48]} Bf6 {[%clk 0:34:26]} 25. Be1 {[%clk 0:05:57]} h5
{[%clk 0:33:58]} 26. gxh5 {[%clk 0:04:38]} gxh5 {[%clk 0:34:22]} 27. Kh2
{[%clk 0:04:42]} Rg7 {[%clk 0:31:52]} 28. Bf2 {[%clk 0:04:28]} Kh8
{[%clk 0:30:41]} 29. Bh1 {[%clk 0:04:36]} Rfg8 {[%clk 0:25:38]} 30. Rg1
{[%clk 0:04:08]} Qe7 {[%clk 0:24:40]} 31. Rxg7 {[%clk 0:03:38]} Rxg7
{[%clk 0:24:58]} 32. Rg1 {[%clk 0:03:34]} Bh4 {[%clk 0:25:18]} 33. Rxg7
{[%clk 0:03:31]} Kxg7 {[%clk 0:25:38]} 34. Qe1 {[%clk 0:03:20]} Bxf2
{[%clk 0:25:29]} 35. Qxf2 {[%clk 0:03:45]} Nf8 {[%clk 0:23:35]} 36. Bg2
{[%clk 0:03:06]} Ng6 {[%clk 0:23:55]} 37. Bf1 {[%clk 0:03:21]} Qg5
{[%clk 0:21:31]} 38. Qg1 {[%clk 0:03:07]} Qxg1+ {[%clk 0:21:00]} 39. Kxg1
{[%clk 0:03:32]} Kf6 {[%clk 0:21:14]} 40. Bb5 {[%clk 0:03:39]} Ke7
{[%clk 0:21:15]} 41. d6+ {[%clk 0:01:59]} Kxd6 {[%clk 0:20:40]} 42. Be8
{[%clk 0:00:37]} Nh4 {[%clk 0:20:06]} 43. Bxh5 {[%clk 0:30:40]} c4
{[%clk 0:50:52]} 44. Kf2 {[%clk 0:30:59]} Kc5 {[%clk 0:50:57]} 45. Ke2
{[%clk 0:30:03]} b5 {[%clk 0:51:17]} 46. a3 {[%clk 0:26:57]} a5 {[%clk 0:51:13]}
47. Kd2 {[%clk 0:24:52]} b4 {[%clk 0:51:28]} 48. Bg4 {[%clk 0:24:12]} Kd4
{[%clk 0:51:45]} 0-1

[Event "V4 OPEN - International Championship of Slovakia 2
[Site "Banska Stiavnica"]
[Date "2013.07.08"]
[Round "3"]
[Board "20"]
[White "Kravec, Patrik"]
[Black "Gunajew, Rafal"]
[Result "0-1"]
[WhiteElo "1916"]
[BlackElo "2294"]
[PlyCount "0"]
[EventDate "2013.07.06"]
[EventRounds "9"]
[EventCountry "SVK"]

1. e4 {[%clk 1:30:58]} c5 {[%clk 1:30:55]} 2. Nf3 {[%clk 1:31:14]} d6
{[%clk 1:31:19]} 3. d4 {[%clk 1:31:23]} cxd4 {[%clk 1:31:47]} 4. Nxd4
{[%clk 1:31:37]} Nf6 {[%clk 1:32:14]} 5. Nc3 {[%clk 1:31:59]} a6 {[%clk 1:32:41]}
6. Be3 {[%clk 1:32:23]} e5 {[%clk 1:33:03]} 7. Nb3 {[%clk 1:32:39]} Be6
{[%clk 1:33:26]} 8. f3 {[%clk 1:31:07]} Be7 {[%clk 1:33:45]} 9. Qd2
{[%clk 1:30:35]} O-O {[%clk 1:34:03]} 10. O-O-O {[%clk 1:30:13]} a5
{[%clk 1:33:37]} 11. Bb5 {[%clk 1:28:31]} Na6 {[%clk 1:32:54]} 12. Qe2
{[%clk 1:26:08]} Qb8 {[%clk 1:33:16]} 13. g4 {[%clk 1:18:28]} Nc7
{[%clk 1:31:47]} 14. g5 {[%clk 1:07:53]} Nh5 {[%clk 1:30:05]} 15. Rhg1
{[%clk 1:03:32]} Rc8 {[%clk 1:25:37]} 16. Ba4 {[%clk 0:55:40]} Na6
{[%clk 1:21:36]} 17. Bb5 {[%clk 0:46:48]} Nb4 {[%clk 1:17:49]} 18. Kb1
{[%clk 0:39:05]} a4 {[%clk 1:07:15]} 19. Nxa4 {[%clk 0:31:03]} Nxc2
{[%clk 1:05:11]} 20. Rc1 {[%clk 0:27:59]} Nxe3 {[%clk 0:57:53]} 21. Qxe3
{[%clk 0:26:33]} Rxc1+ {[%clk 0:56:16]} 22. Rxc1 {[%clk 0:23:38]} Nf4
{[%clk 0:56:08]} 23. h4 {[%clk 0:23:19]} f6 {[%clk 0:52:30]} 24. gxf6
{[%clk 0:20:05]} Bxf6 {[%clk 0:52:45]} 25. Qb6 {[%clk 0:19:00]} Bxh4
{[%clk 0:50:16]} 26. Rg1 {[%clk 0:13:51]} Bd8 {[%clk 0:46:18]} 27. Qe3
{[%clk 0:11:48]} Qc7 {[%clk 0:45:45]} 28. Rc1 {[%clk 0:12:01]} Qf7
{[%clk 0:45:33]} 29. Rd1 {[%clk 0:09:41]} Be7 {[%clk 0:42:07]} 30. Nc1
{[%clk 0:09:34]} Rc8 {[%clk 0:39:08]} 31. Qb6 {[%clk 0:09:24]} Bf8
{[%clk 0:38:49]} 32. Nc3 {[%clk 0:07:12]} h5 {[%clk 0:36:46]} 33. Bf1
{[%clk 0:02:43]} h4 {[%clk 0:35:52]} 34. Qf2 {[%clk 0:03:05]} Be7
{[%clk 0:34:02]} 35. Nb5 {[%clk 0:02:38]} Rc6 {[%clk 0:33:20]} 36. Qa7
{[%clk 0:02:46]} Bf8 {[%clk 0:32:14]} 37. Qb8 {[%clk 0:02:44]} Rc8
{[%clk 0:31:02]} 38. Qa7 {[%clk 0:03:02]} d5 {[%clk 0:29:18]} 39. Qf2
{[%clk 0:02:55]} h3 {[%clk 0:28:37]} 40. Qg3 {[%clk 0:02:32]} d4 {[%clk 0:27:27]}
41. Rd2 {[%clk 0:29:42]} Rc5 {[%clk 0:55:11]} 42. b4 {[%clk 0:28:38]} Rc6
{[%clk 0:53:53]} 43. Rb2 {[%clk 0:27:53]} Bc4 {[%clk 0:52:26]} 44. Nxd4
{[%clk 0:26:00]} exd4 {[%clk 0:52:39]} 45. Bxh3 {[%clk 0:26:21]} Bd3+
{[%clk 0:52:21]} 46. Nxd3 {[%clk 0:26:39]} Nxd3 {[%clk 0:52:44]} 0-1

[Event "V4 OPEN - International Championship of Slovakia 2
[Site "Banska Stiavnica"]
[Date "2013.07.08"]
[Round "3"]
[Board "21"]
[White "Jancura, Andrej"]
[Black "Vojtek, Vladimir"]
[Result "0-1"]
[WhiteElo "1885"]
[BlackElo "2278"]
[PlyCount "0"]
[EventDate "2013.07.06"]
[EventRounds "9"]
[EventCountry "SVK"]

1. e4 {[%clk 1:30:28]} c5 {[%clk 1:30:36]} 2. Nf3 {[%clk 1:30:49]} d6
{[%clk 1:31:01]} 3. Bb5+ {[%clk 1:30:13]} Nd7 {[%clk 1:31:18]} 4. d4
{[%clk 1:29:52]} cxd4 {[%clk 1:30:54]} 5. Qxd4 {[%clk 1:30:09]} e5
{[%clk 1:29:42]} 6. Qd3 {[%clk 1:29:53]} Be7 {[%clk 1:27:52]} 7. O-O
{[%clk 1:29:24]} h6 {[%clk 1:22:13]} 8. c4 {[%clk 1:28:58]} Ngf6 {[%clk 1:22:02]}
9. Nc3 {[%clk 1:28:57]} O-O {[%clk 1:21:59]} 10. Bxd7 {[%clk 1:23:41]} Bxd7
{[%clk 1:20:47]} 11. b3 {[%clk 1:22:40]} Rc8 {[%clk 1:12:38]} 12. Rd1
{[%clk 1:21:48]} a6 {[%clk 1:09:31]} 13. a4 {[%clk 1:11:33]} Bg4 {[%clk 0:53:37]}
14. Ba3 {[%clk 1:07:59]} Rc6 {[%clk 0:49:03]} 15. Nd5 {[%clk 1:03:54]} Nxd5
{[%clk 0:46:34]} 16. exd5 {[%clk 1:01:41]} Rc7 {[%clk 0:39:02]} 17. h3
{[%clk 1:01:44]} Bxf3 {[%clk 0:38:09]} 18. Qxf3 {[%clk 1:01:41]} f5
{[%clk 0:37:57]} 19. Qe2 {[%clk 1:00:12]} e4 {[%clk 0:34:23]} 20. Bb2
{[%clk 0:59:15]} Bf6 {[%clk 0:33:09]} 21. Bd4 {[%clk 0:58:05]} Bxd4
{[%clk 0:29:31]} 22. Rxd4 {[%clk 0:58:26]} Re7 {[%clk 0:29:35]} 23. Rc1
{[%clk 0:56:21]} Qb6 {[%clk 0:28:58]} 24. c5 {[%clk 0:46:27]} dxc5
{[%clk 0:20:13]} 25. d6 {[%clk 0:44:37]} Rd7 {[%clk 0:09:04]} 26. Qc4+
{[%clk 0:44:52]} Rff7 {[%clk 0:09:13]} 27. Qxc5 {[%clk 0:41:09]} Qxc5
{[%clk 0:09:06]} 28. Rxc5 {[%clk 0:41:33]} Rf6 {[%clk 0:08:50]} 29. Rc7
{[%clk 0:40:01]} Rdxd6 {[%clk 0:08:48]} 30. Rxd6 {[%clk 0:40:23]} Rxd6
{[%clk 0:09:17]} 31. Rxb7 {[%clk 0:40:46]} Rd1+ {[%clk 0:05:30]} 32. Kh2
{[%clk 0:40:53]} f4 {[%clk 0:05:45]} 33. Re7 {[%clk 0:38:58]} Rd4
{[%clk 0:05:20]} 34. h4 {[%clk 0:39:04]} h5 {[%clk 0:04:11]} 35. Kg1
{[%clk 0:39:21]} Rd1+ {[%clk 0:02:18]} 36. Kh2 {[%clk 0:39:42]} Rd4
{[%clk 0:02:47]} 37. Kg1 {[%clk 0:40:05]} Rb4 {[%clk 0:03:11]} 38. Kf1
{[%clk 0:40:21]} f3 {[%clk 0:03:25]} 39. gxf3 {[%clk 0:40:42]} exf3
{[%clk 0:03:53]} 40. Re3 {[%clk 0:41:00]} Rf4 {[%clk 0:02:27]} 41. Kg1
{[%clk 0:41:03]} Rg4+ {[%clk 0:02:47]} 42. Kh2 {[%clk 0:41:14]} Rxh4+
{[%clk 0:30:20]} 43. Kg3 {[%clk 1:12:22]} Rb4 {[%clk 0:29:39]} 44. Kxf3
{[%clk 1:10:28]} Kf7 {[%clk 0:29:24]} 45. Rc3 {[%clk 1:09:36]} Rb6
{[%clk 0:24:58]} 46. Kg2 {[%clk 1:08:25]} g6 {[%clk 0:24:00]} 47. a5
{[%clk 1:06:32]} Rb5 {[%clk 0:23:29]} 48. Rc7+ {[%clk 1:06:41]} Kf6
{[%clk 0:22:58]} 49. Rc6+ {[%clk 1:07:03]} Kf5 {[%clk 0:23:13]} 50. Rxa6
{[%clk 1:06:55]} Rxb3 {[%clk 0:23:37]} 51. Ra8 {[%clk 1:07:04]} Kg4
{[%clk 0:17:21]} 52. Rc8 {[%clk 1:06:59]} Ra3 {[%clk 0:17:06]} 53. Rc4+
{[%clk 1:06:11]} Kg5 {[%clk 0:16:52]} 54. Rc5+ {[%clk 1:06:35]} Kh6
{[%clk 0:17:10]} 55. Rb5 {[%clk 1:06:51]} h4 {[%clk 0:15:29]} 56. Rc5
{[%clk 1:06:30]} g5 {[%clk 0:13:01]} 57. Rc6+ {[%clk 1:06:26]} Kh5
{[%clk 0:13:02]} 58. Rc5 {[%clk 1:06:42]} Ra4 {[%clk 0:10:27]} 59. a6
{[%clk 1:05:26]} Kg4 {[%clk 0:08:57]} 60. f3+ {[%clk 1:05:21]} Kf4
{[%clk 0:08:44]} 61. Rc2 {[%clk 1:03:18]} Rxa6 {[%clk 0:08:36]} 62. Rc4+
{[%clk 1:03:40]} Kf5 {[%clk 0:07:38]} 63. Rc5+ {[%clk 1:03:24]} Kf6
{[%clk 0:06:15]} 64. Rc8 {[%clk 1:02:55]} Ra4 {[%clk 0:05:15]} 65. Rc5
{[%clk 1:02:50]} Kg6 {[%clk 0:04:32]} 66. Rc8 {[%clk 1:02:48]} Ra5
{[%clk 0:04:22]} 67. f4 {[%clk 1:02:23]} Ra2+ {[%clk 0:03:47]} 68. Kf3
{[%clk 1:00:55]} Ra3+ {[%clk 0:04:11]} 69. Kf2 {[%clk 1:00:49]} g4
{[%clk 0:04:17]} 70. Rg8+ {[%clk 1:00:02]} Kf5 {[%clk 0:04:34]} 71. Rf8+
{[%clk 1:00:21]} Ke4 {[%clk 0:04:52]} 72. Re8+ {[%clk 0:59:31]} Kxf4
{[%clk 0:05:14]} 73. Rf8+ {[%clk 0:59:55]} Ke5 {[%clk 0:04:56]} 74. Re8+
{[%clk 1:00:19]} Kf6 {[%clk 0:04:51]} 75. Rg8 {[%clk 1:00:41]} g3+
{[%clk 0:02:48]} 76. Kg2 {[%clk 1:01:05]} Ra2+ {[%clk 0:03:14]} 77. Kg1
{[%clk 1:01:32]} Kf5 {[%clk 0:03:19]} 78. Rf8+ {[%clk 1:01:31]} Kg4
{[%clk 0:03:42]} 79.